Andamios : Revista de investigacin̤ social

Detalles Bibliográficos
Formato: Desconocido
Lenguaje:español
Publicado: Mx̌ico, DF : Universidad Autn̤oma de la Ciudad de Mx̌ico, Colegio de Humanidades y Ciencias Sociales
Materias:
Acceso en línea:Acceso restringido

MARC

LEADER 00000ny a22000003n 4500
005 20110517124744.0
008 050831c2004 mx tr p 0 spa c
022 |a 1870-0063 
035 |a 4893 
040 |d vLex 
080 |a 301(05) 
080 |a 301.153.2(05) 
090 |c 2019  |d 2019 
245 0 0 |a Andamios :  |b Revista de investigacin̤ social  |h [Recurso electrn̤ico] 
256 |a Servicio en ln̕ea 
260 |a Mx̌ico, DF :  |b Universidad Autn̤oma de la Ciudad de Mx̌ico, Colegio de Humanidades y Ciencias Sociales 
310 |a Quatrimestral 
321 |a Semestral 
506 1 |a Contenido solo disponible en los productos indicados  |d vLex Global  |d vLex Global (Academic Edition, excluding Law Schools)  |d vLex Global (U.S. Academic Edition, Law Schools)  |d vLex Global (U.S. Academic Edition, excluding Law Schools)  |d vLex Global (Academic Edition, Law Schools) 
650 0 4 |a Ciencias sociales  |x Publicaciones perid̤icas 
740 0 |a vLex Revista (Servicios en ln̕ea) 
843 |a Electrn̤ica. Abierta 
853 |8 1  |i (year)  |j (month)  |k (day) 
856 4 0 |z Acceso restringido  |u http://vlex.com/source/andamios-revista-investigacion-social-4893 
942 |c REV